000 00295nam a22001217a 4500
008 160519b xxu||||| |||| 00| 0 eng d
020 _a9781551111797
020 _a1551111799
041 _aeng
080 _a159.9
245 _aReadings in the philosophy of law:
_cKeith Culver;
942 _2udc
_cBK
999 _c2237
_d2237